Slovenský divadelný miestopis z čias uhorských 19. Naši ochotníci na Dolnej zemi

Bibliographic Details
Main Author: Čavojský, Ladislav, 1932-2014 (Author)
Format: Article
Language:Slovak
PhysicalDescription:Obr.
ISSN:0323-2883
Subjects:

MARC

LEADER 00000nab a2200000 a 4500
001 vtls000636357
003 SK-MaSNL
005 20260304092736.0
008 250425c1997 xo 0 slo
015 |a SNBRB19rr/mm-uuuuu 
035 |a CL0636496 
035 |a urn:nbn:sk:snk-abdpp7 
035 |a (urnnbn)urn:nbn:sk:snk:ar-0013s6 
035 |a (uuid)f3d92b50-a407-439d-b524-5d1bc81c47f2 
040 |a SNKBUCL  |b slo  |c SNKBUCL  |e AACR2 
041 0 |a slo 
044 |a xo  |c SK 
080 |a 792.077(439.2=854)  |2 1981 
100 1 |a Čavojský, Ladislav,  |d 1932-2014  |4 aut  |9 101804 
245 1 0 |a Slovenský divadelný miestopis z čias uhorských  |n 19.  |p Naši ochotníci na Dolnej zemi  |c Ladislav Čavojský 
300 |b Obr. 
648 7 |a 1866-1918  |2 SNK  |9 1264138 
650 0 7 |a slovenské ochotnícke divadlo  |2 SNKPH  |9 16401 
650 0 7 |a divadlo  |2 SNKPH  |9 3335 
651 7 |a Petrovec (Srbsko)  |2 SNKPHgeo  |9 175238 
655 7 |a články z novín a časopisov  |2 snkbucl  |9 267496 
773 0 |t Javisko  |g Roč. 29, č. 9 (1997), s. 16-18  |x 0323-2883 
850 |a Slovenská národná knižnica 
852 |a Slovenská národná knižnica 
954 |a odborná, vedecká literatúra pôvodná (slovenská)  |2 lita 
958 |a article19 
958 |a OND 
958 |a SK 
958 |a RK 
958 |a EUIPO 
992 |a RBX 
999 |c 2820175  |d 2822105